000 00689nam a2200289Ia 4500
005 20260324133625.0
008 008 260324s9999 xx 000 0 eng d
020 _a9780203045916
037 _aEBOOK
040 _aCRL
040 _beng
040 _cCRL
041 _2eng
041 _aeng
084 _qCRL
100 _aHew Strachan; Harald Hoiback
_91193778
245 0 _aCommand and Control in Military Crisis
245 0 _bDevious Decisions
260 _bTaylor and Francis
260 _c2003
365 _a
365 _b240
856 _uhttp://www.taylorfrancis.com/books/9780203045916
942 _cEBOOK
999 _c1793029
_d1793029